000 00493nam a2200181Ia 4500
008 240925s9999 xx 000 0 und d
020 _a71457720
082 _a621.3190289 CAD
100 _aCadick, John; Capelli-Schellpfeffe, Mary
245 0 _aElectrical Safety Handbook
250 _a3rd
260 _aNew York:
_bMcGraw-Hill
_c,2006.
300 _aVarious pages
_bN.A
_fOriginal
500 _aIncludes Index
600 _aElectrical Engineering
650 _aTechnology
942 _cBK
999 _c11163
_d11163